| 000 | 00505nam a2200193Ia 4500 | ||
|---|---|---|---|
| 003 | GCL | ||
| 008 | 140319s9999 xx 000 0 eng d | ||
| 040 |
_aGCL / _cGCL |
||
| 082 | 0 | 4 |
_a823.8 _bD C |
| 100 | 1 | _aDICKENS, CHARLES | |
| 245 | 1 | 0 |
_aCHARLES DICKENS: A TALE OF TWO CITIES / _cDICKENS, CHARLES |
| 260 |
_a[S.N] : _bOXFORD UNIVERSITY PRESS ، _c1988 |
||
| 300 | _a524 P | ||
| 650 | 0 | 4 | _aLITERATURE |
| 650 | 0 | 4 | _aFRANCE - HISTORY |
| 650 | 0 | 4 | _aREVOLUTION |
| 650 | 0 | 4 | _aLITERACY |
| 942 |
_2ddc _cBK |
||
| 999 |
_c24983 _d24983 |
||